The Costs of Traffic Accidents and The Valuation of Accident-Prevention in Less-Developed Countries (Record no. 542723)
[ view plain ]
| 000 -LEADER | |
|---|---|
| fixed length control field | 00414nam a22001217a 4500 |
| 082 ## - DEWEY DECIMAL CLASSIFICATION NUMBER | |
| Classification number | 363.1251091724 |
| Author Mark | HIL |
| -- | D |
| 245 ## - TITLE STATEMENT | |
| Title | The Costs of Traffic Accidents and The Valuation of Accident-Prevention in Less-Developed Countries |
| 260 ## - PUBLICATION, DISTRIBUTION, ETC. | |
| Place of publication, distribution, etc. | England |
| Name of publisher, distributor, etc. | University of Newcastle Upon Tyne |
| 300 ## - PHYSICAL DESCRIPTION | |
| Extent | ii, P-155 : |
| Other physical details | ill ; |
| Dimensions | 24 cm |
| Accompanying material | D |
| 526 ## - STUDY PROGRAM INFORMATION NOTE | |
| Program name | 0 |
| Interest level | 0 |
| Reading level | 0 |
| Title point value | 363_125109172400000_HIL |
| 650 ## - SUBJECT ADDED ENTRY--TOPICAL TERM | |
| Topical term or geographic name entry element | D |
| 9 (RLIN) | 6527 |
| 942 ## - ADDED ENTRY ELEMENTS (KOHA) | |
| Source of classification or shelving scheme | |
| Koha item type | Book |
| Withdrawn status | Lost status | Source of classification or shelving scheme | Damaged status | Not for loan | Permanent Location | Current Location | Date acquired | Total Checkouts | Full call number | Barcode | Date last seen | Price effective from | Koha item type |
|---|---|---|---|---|---|---|---|---|---|---|---|---|---|
| Military College of Engineering (MCE) | Military College of Engineering (MCE) | 02/12/2014 | 363.1251091724 HIL | MCE-43242 | 02/12/2014 | 02/12/2014 | Book |
